Anuario Colegio Rubén Castro 2009

Uloženo v:
Podrobná bibliografie
Korporativní autor: Colegio Ruben Castro (Autor)
Médium: Kniha
Jazyk:španělština
Vydáno: Viña del Mar Colegio Ruben Castro 2009
Témata:
Tagy: Přidat tag
Žádné tagy, Buďte první, kdo vytvoří štítek k tomuto záznamu!

MARC

LEADER 00000cam a2200000 a 4500
001 UCF9820
003 CL-VaPUC
008 131213e20090000cl |||||||||||||||||spa|d
082 0 4 |a 371.2  |b COL  |2 21 
110 2 |a Colegio Ruben Castro  |e author  |9 572250 
245 1 0 |a Anuario Colegio Rubén Castro 2009 
300 |a 98 p 
942 |c BK 
945 |d 20131213 11:12:00  |a dcastane 
260 |a Viña del Mar  |b Colegio Ruben Castro  |c 2009 
650 0 |a Anuarios  |9 258977 
650 0 |a Educación básica   |9 224933 
650 7 |a COMUNIDAD ESCOLAR  |2 CL-VaPUC  |9 572251 
650 0 |a Entrevistas  |9 265537 
583 |a last modification  |c 20131213 11:12:00  |k Rodrigo Vera 
999 |c 354230  |d 354228 
952 |0 0  |1 0  |3 erb  |4 0  |6 371_200000000000000_COL_2009  |7 0  |8 X  |9 459950  |a FDOBUD  |b FDOBUD  |i 4861817  |o 371.2 COL 2009  |p 4861817  |r 2019-11-23  |w 2019-11-23  |y BK_X  |z Catalogado en:20131213  |k FHP